Interchange: English for international communication. Workbook 1
Tallennettuna:
| Päätekijät: | , , |
|---|---|
| Aineistotyyppi: | Kirja |
| Kieli: | englanti |
| Julkaistu: |
Cambridge
Cambridge University
1990
|
| Aiheet: | |
| Tagit: |
Lisää tagi
Ei tageja, Lisää ensimmäinen tagi!
|
MARC
| LEADER | 00000nam a2200000 a 4500 | ||
|---|---|---|---|
| 001 | UCH3341 | ||
| 003 | CL-VaPUC | ||
| 008 | 090723e19900000uk |||||||||||||||||eng|d | ||
| 020 | |a 0521359902 | ||
| 082 | 0 | 4 | |a 428.8 |b RIC |2 21 |
| 100 | 0 | |a Richards, Jack C |e author |9 538637 | |
| 700 | 0 | |a Hull, Jonathan |e author |9 538638 | |
| 700 | 0 | |a Proctor, Susan |e author |9 538639 | |
| 245 | 1 | 0 | |a Interchange: English for international communication. Workbook 1 |
| 300 | |a 60 p | ||
| 942 | |c BK | ||
| 945 | |d 20090723 00:00:00 |a dcastane | ||
| 260 | |a Cambridge |b Cambridge University |c 1990 | ||
| 650 | 0 | |a Lengua inglesa |9 318842 | |
| 650 | 0 | |a Educación lingüística |9 306506 | |
| 650 | 0 | |a Libros de texto |9 270019 | |
| 650 | 0 | |a Métodos de enseñanza |9 270413 | |
| 583 | |a last modification |c 20130807 01:34:15 |k Rodrigo Vera | ||
| 999 | |c 334932 |d 334930 | ||